43 Periodo de Sesiones del Instituto Internacional de Estadística: Ponencias libres
Saved in:
| Institution som forfatter: | |
|---|---|
| Format: | Bog |
| Sprog: | engelsk spansk fransk |
| Udgivet: |
Buenos Aires
Instituto Internacional de Estadística
1989
|
| Fag: | |
| Tags: |
Tilføj Tag
Ingen Tags, Vær først til at tagge denne postø!
|
MARC
| LEADER | 00000nam a2200000 a 4500 | ||
|---|---|---|---|
| 001 | UCW1035 | ||
| 003 | CL-VaPUC | ||
| 005 | 20220315074409.0 | ||
| 008 | 901003e19890000ag 1 eng d | ||
| 041 | 0 | 7 | |a eng |2 CL-VaPUC |
| 041 | 0 | 7 | |a spa |2 CL-VaPUC |
| 041 | 0 | 7 | |a fre |2 CL-VaPUC |
| 082 | 0 | 4 | |a 519.5 |b ISI |2 21 |
| 110 | 2 | |a ISI |e author |9 616665 | |
| 245 | 1 | 0 | |a 43 Periodo de Sesiones del Instituto Internacional de Estadística: Ponencias libres |
| 260 | |a Buenos Aires |b Instituto Internacional de Estadística |c 1989 | ||
| 300 | |a 2 v | ||
| 583 | |a last modification |c 20120528 10:28:50 |k Rodrigo Vera | ||
| 650 | 0 | 0 | |a Estadística |9 259535 |
| 650 | 0 | 0 | |a Congresos |9 257560 |
| 942 | |c BK | ||
| 945 | |a mfernand |d 19901003 00:00:00 | ||
| 546 | |a En Inglés | ||
| 546 | |a En Español | ||
| 546 | |a En Francés | ||
| 518 | |p Sesiones del ISI, 43, Buenos Aires, 30 de Noviembre al 11 de Diciembre de 1981 | ||
| 999 | |c 382056 |d 382054 | ||
| 952 | |0 0 |1 0 |4 0 |6 519_500000000000000_ISI_1989 |7 0 |8 A |9 503545 |a BIBMAT |b BIBMAT |c E_DIDACT |d 2020-01-23 |h v.1 |i 2685485 |o 519.5 ISI 1989 |p 2685485 |r 2025-01-07 |w 2020-01-23 |y BK |k MAT | ||
| 952 | |0 0 |1 0 |4 0 |6 519_500000000000000_ISI_1989 |7 0 |8 A |9 503546 |a BIBMAT |b BIBMAT |c E_DIDACT |d 2020-01-23 |h v.2 |i 2685493 |o 519.5 ISI 1989 |p 2685493 |r 2025-01-07 |w 2020-01-23 |y BK |k MAT | ||